[Event "South Wales International"]
[Site "Penarth Conservative Club, WLS"]
[Date "2013.07.14"]
[Round "3.2"]
[White "Greet, Andrew N"]
[Black "Wells, Peter K"]
[Result "0-1"]
[WhiteElo "2427"]
[BlackElo "2479"]
[PlyCount "67"]
[EventDate "2013.??.??"]

1. e4 c5 2. c3 d5 3. exd5 Qxd5 4. d4 Nc6 5. Nf3 Bg4 6. Be2 cxd4 7. cxd4 e6 8.
O-O Nf6 9. h3 Bh5 10. Nc3 Qa5 11. Be3 Be7 12. a3 Nd5 13. Qb3 Nxc3 14. bxc3 Qc7
15. Rab1 Rb8 16. c4 O-O 17. d5 Na5 18. Qa4 b6 19. dxe6 fxe6 20. c5 Bxc5 21.
Bxc5 bxc5 22. Rbc1 Nb3 23. Rc2 Rf4 24. Rc4 Rxf3 25. Rh4 Rf4 26. Rxf4 Bxe2 27.
Re1 Nd4 28. Re4 h6 29. Rc1 Qe7 30. Re1 Qg5 31. Kh2 Rb2 32. Qe8+ Kh7 33. R1xe2
Rxe2 34. Rg4 0-1

[Event "South Wales International"]
[Site "Penarth Conservative Club, WLS"]
[Date "2013.07.14"]
[Round "3.3"]
[White "Petrov, Marijan"]
[Black "Kostanjsek, Luke"]
[Result "1-0"]
[WhiteElo "2478"]
[BlackElo "1929"]
[PlyCount "73"]
[EventDate "2013.??.??"]

1. e4 c5 2. Nc3 Nc6 3. f4 g6 4. Nf3 Bg7 5. Bb5 Nd4 6. Nxd4 cxd4 7. Ne2 Nf6 8.
Bd3 Qb6 9. e5 Ng4 10. h3 Nh6 11. c3 dxc3 12. bxc3 d5 13. Rb1 Qc7 14. Qb3 O-O
15. Qxd5 Rd8 16. Qc4 Qa5 17. Rb5 Qa6 18. Rd5 Rxd5 19. Qxd5 Be6 20. Qe4 Qxa2 21.
Qxb7 Bd5 22. Qb1 Qxb1 23. Bxb1 Bxg2 24. Rh2 Bd5 25. Ng3 f6 26. d4 Nf7 27. Be4
Rd8 28. Bxd5 Rxd5 29. Ra2 a5 30. Ne2 g5 31. c4 Rd8 32. e6 Nd6 33. c5 Nb5 34. f5
Nxd4 35. Nxd4 Rxd4 36. Rc2 g4 37. c6 1-0

[Event "South Wales International"]
[Site "Penarth Conservative Club, WLS"]
[Date "2013.07.14"]
[Round "3.4"]
[White "Strugnell, Carl"]
[Black "Arkell, Keith C"]
[Result "1-0"]
[WhiteElo "2302"]
[BlackElo "2444"]
[PlyCount "41"]
[EventDate "2013.??.??"]

1. e4 c6 2. d4 d5 3. e5 c5 4. dxc5 Nc6 5. Nf3 Bg4 6. c3 e6 7. Be3 Bxf3 8. Qxf3
Nxe5 9. Bb5+ Nc6 10. O-O Nf6 11. c4 a6 12. Ba4 Qc7 13. b4 dxc4 14. Bf4 Qc8 15.
Nd2 Nd5 16. Nxc4 Be7 17. Nb6 Nxb6 18. cxb6 f6 19. Rac1 e5 20. Rxc6 bxc6 21.
Bxc6+ 1-0

[Event "South Wales International"]
[Site "Penarth Conservative Club, WLS"]
[Date "2013.07.14"]
[Round "3.5"]
[White "Hawkins, Jonathan"]
[Black "Thomas, James"]
[Result "1-0"]
[WhiteElo "2517"]
[BlackElo "1887"]
[PlyCount "49"]
[EventDate "2013.??.??"]

1. Nf3 e6 2. c4 Nf6 3. d4 d5 4. Nc3 Be7 5. Bg5 O-O 6. e3 h6 7. Bh4 b6 8. Be2
dxc4 9. Bxc4 Bb7 10. O-O Ne4 11. Nxe4 Bxh4 12. Qd3 Nd7 13. Ba6 Bxa6 14. Qxa6
Be7 15. Rac1 c5 16. Rfd1 f5 17. Ng3 Qe8 18. Qc4 Qf7 19. dxc5 Nxc5 20. b4 Ne4
21. Ne5 Qf6 22. Nd7 Qf7 23. Nxf8 Rxf8 24. Rd7 g5 25. Qc7 1-0

[Event "South Wales International"]
[Site "Penarth Conservative Club, WLS"]
[Date "2013.07.14"]
[Round "3.7"]
[White "Evans, Nicholas"]
[Black "Adebajo, Olufemi"]
[Result "0-1"]
[WhiteElo "1755"]
[BlackElo "1934"]
[PlyCount "66"]
[EventDate "2013.??.??"]

1. d4 d5 2. c4 e5 3. dxe5 d4 4. Nf3 Nc6 5. a3 Nge7 6. e3 Bg4 7. exd4 Bxf3 8.
Qxf3 Qxd4 9. Be2 Qxe5 10. Qe3 Qxe3 11. Bxe3 Nf5 12. Bf4 Nfd4 13. Bd1 O-O-O 14.
O-O h6 15. Nc3 g5 16. Be3 f5 17. Nd5 Kb8 18. Ba4 f4 19. Bd2 f3 20. g3 Ne2+ 21.
Kh1 Ne5 22. Bc3 Nxc3 23. Nxc3 Nxc4 24. b4 Bg7 25. Rfc1 Nb2 26. Bb5 c6 27. Bf1
Nd3 28. Rc2 Rhe8 29. Raa2 Re1 30. Kg1 Bxc3 31. Rxc3 Nc1 32. Rac2 Rxf1+ 33. Kxf1
Rd1# 0-1

[Event "South Wales International"]
[Site "Penarth Conservative Club, WLS"]
[Date "2013.07.14"]
[Round "3.8"]
[White "Bryant, Richard BE"]
[Black "Wills, Alex"]
[Result "1-0"]
[WhiteElo "1934"]
[BlackElo "1717"]
[PlyCount "135"]
[EventDate "2013.??.??"]

1. e4 e5 2. Nf3 Nc6 3. d4 exd4 4. Nxd4 Qf6 5. Nxc6 Bc5 6. Qf3 Qxc6 7. Nc3 Ne7
8. Bb5 Qb6 9. O-O O-O 10. Bd3 Qe6 11. Nd5 Bd6 12. g3 b6 13. Nxe7+ Bxe7 14. e5
Rb8 15. Qh5 g6 16. Qe2 Bb7 17. Re1 Rfe8 18. Bf4 Bc5 19. Be4 d5 20. Bg2 c6 21.
Qd2 Rbd8 22. b4 Bf8 23. a4 a6 24. Bg5 Rd7 25. Bf6 Bg7 26. Bxg7 Kxg7 27. Qd4 b5
28. Bf3 h5 29. Qh4 Rh8 30. Bg2 Qe7 31. Qd4 Kh7 32. a5 Qe6 33. h3 Re7 34. Re3
Bc8 35. Rae1 Qf5 36. Qc5 Qe6 37. Rc3 Bb7 38. Ree3 Rd8 39. Qd4 Bc8 40. Rf3 Kg8
41. Rce3 Qd7 42. Rf6 Qc7 43. Qc5 Re6 44. f4 Kg7 45. Rc3 d4 46. Rd3 Rxf6 47.
exf6+ Kxf6 48. Rxd4 Kg7 49. Rxd8 Qxd8 50. Qxc6 Qd4+ 51. Kh2 Qxb4 52. Qxc8 Qxa5
53. Qc5 Qd2 54. h4 Qd7 55. c3 Kh7 56. Qc6 Qd3 57. Qxa6 Qxc3 58. Qxb5 Qc2 59.
Qe5 Qc8 60. Qf6 Qd7 61. f5 Qxf5 62. Qxf5 gxf5 63. Bf3 Kg6 64. Kg2 f6 65. Kf2 f4
66. gxf4 Kf5 67. Ke3 Kg6 68. Ke4 1-0

[Event "South Wales International"]
[Site "Penarth Conservative Club, WLS"]
[Date "2013.07.14"]
[Round "3.9"]
[White "Rudd, Jack"]
[Black "Woolcock, Craig"]
[Result "1-0"]
[WhiteElo "2280"]
[BlackElo "1893"]
[PlyCount "70"]
[EventDate "2013.??.??"]

1. e4 e6 2. d4 d5 3. Nd2 Nf6 4. e5 Nfd7 5. f4 c5 6. c3 Nc6 7. Ndf3 Qb6 8. a3
cxd4 9. cxd4 Be7 10. b4 O-O 11. Bd3 f6 12. h4 fxe5 13. fxe5 Ndxe5 14. dxe5 Nxe5
15. Bb1 Ng4 16. Ra2 e5 17. Re2 Be6 18. Bg5 Bd6 19. Ba2 Rae8 20. Bxd5 Kh8 21.
Bxe6 Rxe6 22. Qb3 e4 23. Nd2 Qc7 24. Nf1 Qf7 25. Nh3 Rfe8 26. Nf2 Nf6 27. Be3
Be5 28. Nd2 Qg6 29. O-O Qg3 30. Rc1 Qxh4 31. Nh3 Qg3 32. Nf1 Qh4 33. Bxa7 g5
34. Rc8 g4 35. Qxe6 Rxc8 1-0

[Event "South Wales International"]
[Site "Penarth Conservative Club, WLS"]
[Date "2013.07.14"]
[Round "3.10"]
[White "Braun, Walter"]
[Black "Thorpe, Thomas"]
[Result "1/2-1/2"]
[WhiteElo "2236"]
[BlackElo "1885"]
[PlyCount "90"]
[EventDate "2013.??.??"]

1. d4 Nf6 2. Nf3 g6 3. Nc3 Bg7 4. e4 d6 5. h3 O-O 6. Be3 b6 7. Bd3 Bb7 8. O-O
Nbd7 9. Qd2 Re8 10. Bh6 Bh8 11. Rfe1 e5 12. d5 a6 13. Bf1 Nf8 14. Rad1 Qd7 15.
g4 Rad8 16. Qe3 b5 17. a3 c6 18. Bg2 cxd5 19. exd5 Qc7 20. Ng5 N8d7 21. Rd2 Nb6
22. b3 Rc8 23. Red1 Nbd7 24. Nce4 Nxe4 25. Bxe4 Nf6 26. Qf3 Qd7 27. Kh2 Rc5 28.
Rg1 Qe7 29. Rgd1 Qd7 30. Qg2 Bg7 31. Bxg7 Kxg7 32. Ne6+ fxe6 33. dxe6 Qxe6 34.
Bxb7 d5 35. g5 Nh5 36. Bxd5 Qf5 37. Qg4 Rd8 38. Be4 Qxg4 39. hxg4 Rxd2 40. Rxd2
Nf4 41. Rd7+ Kh8 42. Kg1 Nh3+ 43. Kf1 Nxg5 44. Bb7 a5 45. Re7 e4 1/2-1/2

[Event "South Wales International"]
[Site "Penarth Conservative Club, WLS"]
[Date "2013.07.14"]
[Round "3.11"]
[White "House, Glenn L"]
[Black "Fox, Chris"]
[Result "1-0"]
[WhiteElo "2211"]
[BlackElo "1770"]
[PlyCount "195"]
[EventDate "2013.??.??"]

1. e4 e6 2. d3 d5 3. Nd2 Nf6 4. Ngf3 Be7 5. g3 c5 6. Bg2 Nc6 7. O-O O-O 8. e5
Nd7 9. Re1 Qc7 10. Qe2 b6 11. h4 Bb7 12. Nf1 Rac8 13. Bf4 Nd4 14. Nxd4 cxd4 15.
Rec1 Nb8 16. Nh2 Nc6 17. a3 Qd7 18. Bh3 Rfd8 19. Nf3 Rc7 20. Re1 Rdc8 21. Rac1
Qe8 22. Kg2 b5 23. h5 b4 24. axb4 Bxb4 25. Rh1 Bc5 26. Bg5 Bb6 27. h6 g6 28.
Nh2 Bc5 29. Ng4 Be7 30. Bxe7 Qxe7 31. Rhd1 Nb4 32. Rd2 Ba8 33. Kh2 Na2 34. Ra1
Nb4 35. Rc1 Na2 36. Ra1 Nb4 37. Qf3 Nxc2 38. Qf6 Qxf6 39. Nxf6+ Kh8 40. Ra4 Bc6
41. Ra5 Nb4 42. Bf1 a6 43. Ra3 Bb5 44. Rb3 Nc6 45. Ng4 Ne7 46. Ra3 Nf5 47. Ra1
Rc2 48. Rad1 Kg8 49. Be2 Rxd2 50. Rxd2 Rc1 51. Bd1 Kf8 52. Kg2 Ke7 53. Kf3 g5
54. Nf6 Nxh6 55. g4 Kf8 56. Nxh7+ Kg7 57. Nxg5 Ng8 58. Kg3 Ne7 59. f4 Kg6 60.
Nf3 Nc6 61. Kf2 Nb4 62. Be2 Rc2 63. Rxc2 Nxc2 64. Ne1 Nb4 65. Bf1 a5 66. Ke2
Ba4 67. Kd2 Bb3 68. Nf3 Nc6 69. Be2 f6 70. exf6 Kxf6 71. Kc1 Ba4 72. Kd2 Bb5
73. Bd1 Nb4 74. Be2 Nc6 75. Bf1 Ba6 76. Bh3 Bc8 77. g5+ Kg6 78. Bg4 Bd7 79.
Nh4+ Kg7 80. Bd1 Ne7 81. Bh5 a4 82. Kc2 Bb5 83. Kd2 Bd7 84. Nf3 Nc6 85. Kc2
Nb4+ 86. Kd2 Nc6 87. Bg4 Bc8 88. Nh4 Ne7 89. Bd1 Bd7 90. Bh5 Bc6 91. Nf3 Nf5
92. Bg4 Bd7 93. Bxf5 exf5 94. Nxd4 Kg6 95. Ke3 Kh5 96. Nf3 Be8 97. Ne5 Bb5 98.
Kd4 1-0

[Event "South Wales International"]
[Site "Penarth Conservative Club, WLS"]
[Date "2013.07.14"]
[Round "3.12"]
[White "Williams, Ron"]
[Black "Brown, Martin"]
[Result "0-1"]
[WhiteElo "1807"]
[BlackElo "2203"]
[PlyCount "58"]
[EventDate "2013.??.??"]

1. d4 Nf6 2. c4 g6 3. Nc3 d5 4. cxd5 Nxd5 5. Nf3 Bg7 6. Qb3 Nb6 7. e4 Bg4 8.
Be2 Bxf3 9. Bxf3 Qxd4 10. Be3 Qc4 11. Bxb6 Qxb3 12. axb3 cxb6 13. Nb5 Na6 14.
Ke2 Bxb2 15. Ra2 Be5 16. Rc1 O-O 17. g3 Nb4 18. Rxa7 Na2 19. Rxa8 Nxc1+ 20. Kd1
Rxa8 21. Kxc1 Ra2 22. Bg4 Rxf2 23. Bc8 Rxh2 24. Bxb7 Bxg3 25. Na7 Kf8 26. Nc8
Bc7 27. Na7 h5 28. Nb5 Be5 29. Na3 Bb2+ 0-1

[Event "South Wales International"]
[Site "Penarth Conservative Club, WLS"]
[Date "2013.07.14"]
[Round "3.14"]
[White "Brown, Thomas"]
[Black "Wilson, Matthew"]
[Result "1-0"]
[WhiteElo "2106"]
[BlackElo "1729"]
[PlyCount "91"]
[EventDate "2013.??.??"]

1. g3 Nf6 2. Bg2 g6 3. c4 Bg7 4. Nc3 O-O 5. Nf3 d5 6. cxd5 Nxd5 7. O-O c5 8.
Nxd5 Qxd5 9. d3 Qh5 10. Qc2 Nc6 11. a3 b6 12. Rb1 Bb7 13. h3 Nd4 14. Nxd4 Bxg2
15. Kxg2 Bxd4 16. b4 Rfc8 17. b5 Qd5+ 18. e4 Qd7 19. Qc4 Qb7 20. f4 a6 21. f5
Rf8 22. Bh6 Bg7 23. Bxg7 Kxg7 24. Qc3+ f6 25. bxa6 Qxa6 26. Rb3 Rfd8 27. e5 Rd4
28. fxg6 hxg6 29. exf6+ exf6 30. Qb2 Rad8 31. Rxb6 Qxd3 32. Rbxf6 Qe4+ 33. R6f3
Kg8 34. Qb3+ c4 35. Qb1 Rd2+ 36. Kg1 Qd4+ 37. Kh1 Rd3 38. Qb7 Rxf3 39. Qxf3 Qd7
40. Kg2 Qe7 41. Rf2 Rd3 42. Qc6 Qxa3 43. Qe8+ Kg7 44. Rf7+ Kh6 45. Qh8+ Kg5 46.
Qh4# 1-0

[Event "South Wales International"]
[Site "Penarth Conservative Club, WLS"]
[Date "2013.07.14"]
[Round "3.15"]
[White "Hughes, John"]
[Black "Bennett, Owen"]
[Result "1-0"]
[WhiteElo "2046"]
[BlackElo "1706"]
[PlyCount "63"]
[EventDate "2013.??.??"]

1. e4 c5 2. Nf3 e6 3. c3 d5 4. exd5 exd5 5. d4 Nf6 6. Bb5+ Bd7 7. Bxd7+ Nbxd7
8. O-O Be7 9. dxc5 Nxc5 10. Nd4 Qd7 11. Qf3 Nce4 12. Nf5 O-O 13. Nxe7+ Qxe7 14.
Na3 Rac8 15. Nc2 b5 16. a4 bxa4 17. Rxa4 Qd7 18. Ra2 Rfe8 19. Be3 Rc7 20. Rfa1
Ra8 21. Bd4 Rb7 22. Qe3 Ng4 23. Qf4 Ngf6 24. f3 Nd6 25. Bxf6 gxf6 26. Qxf6 Nc4
27. Nd4 Rb6 28. Qg5+ Rg6 29. Qf4 Rb6 30. Nf5 Qe6 31. Qg5+ Qg6 32. Ne7+ 1-0

[Event "South Wales International"]
[Site "Penarth Conservative Club, WLS"]
[Date "2013.07.14"]
[Round "3.16"]
[White "Pleasants, Allan J"]
[Black "Du Toit, Stephanie"]
[Result "1-0"]
[WhiteElo "2038"]
[BlackElo "1603"]
[PlyCount "61"]
[EventDate "2013.??.??"]

1. e4 e5 2. Nc3 Nf6 3. g3 Nc6 4. Bg2 Be7 5. d3 d6 6. f4 exf4 7. Bxf4 O-O 8. Nf3
Bg4 9. h3 Be6 10. d4 d5 11. Ne5 dxe4 12. Nxc6 bxc6 13. O-O Qd7 14. Kh2 Rfd8 15.
Be5 Nd5 16. Bxe4 Ne3 17. Bxh7+ Kf8 18. Qh5 Nxf1+ 19. Rxf1 Bd6 20. Ne4 Bxe5 21.
dxe5 Rab8 22. Bg6 Qd5 23. Qh8+ Ke7 24. Qxg7 Rg8 25. Qf6+ Ke8 26. Bh7 Rf8 27.
Qf4 Qb5 28. Ng5 Qd5 29. Be4 Qd7 30. Nh7 Rg8 31. Nf6+ 1-0

[Event "South Wales International"]
[Site "Penarth Conservative Club, WLS"]
[Date "2013.07.14"]
[Round "3.17"]
[White "Bennett, Rhys"]
[Black "Jones, Steven"]
[Result "1/2-1/2"]
[WhiteElo "1729"]
[BlackElo "2033"]
[PlyCount "109"]
[EventDate "2013.??.??"]

1. e4 c5 2. Nf3 Nc6 3. d4 cxd4 4. Nxd4 Nf6 5. Nc3 e5 6. Ndb5 d6 7. Bg5 a6 8.
Na3 b5 9. Nd5 Be7 10. Bxf6 Bxf6 11. c3 O-O 12. Be2 Bg5 13. O-O Rb8 14. Nc2 a5
15. a3 Be6 16. Bg4 Qd7 17. Bxe6 fxe6 18. Nde3 Rfd8 19. Qd3 d5 20. exd5 exd5 21.
Rfd1 Ne7 22. Qe2 Bf6 23. Rd3 Rb6 24. Rad1 Rd6 25. Ng4 e4 26. Nxf6+ gxf6 27.
Rg3+ Kh8 28. Nd4 Rb8 29. Qg4 Qxg4 30. Rxg4 b4 31. axb4 axb4 32. Rg3 bxc3 33.
bxc3 Rdb6 34. Re3 Rb1 35. Ree1 Rxd1 36. Rxd1 Rc8 37. Ne2 Kg7 38. g3 f5 39. Nf4
Rxc3 40. Nxd5 Nxd5 41. Rxd5 Kg6 42. Rd2 Kg5 43. Kg2 Ra3 44. Rc2 Ra5 45. Rc7 h5
46. h4+ Kg6 47. Rc6+ Kg7 48. Rb6 Ra2 49. Rb3 Kf6 50. Rb6+ Ke5 51. Rb5+ Ke6 52.
Rb6+ Ke7 53. Rb5 Ke6 54. Rb6+ Kd7 55. Rb5 1/2-1/2

[Event "South Wales International"]
[Site "Penarth Conservative Club, WLS"]
[Date "2013.07.14"]
[Round "3.18"]
[White "Thomas, Ben"]
[Black "Harley-Yeo, Gareth"]
[Result "1-0"]
[WhiteElo "1716"]
[BlackElo "1979"]
[PlyCount "77"]
[EventDate "2013.??.??"]

1. e4 c5 2. c3 d6 3. d4 Nf6 4. Bd3 Nc6 5. Ne2 g6 6. O-O Bg7 7. f4 O-O 8. d5 Nb8
9. Nd2 Nbd7 10. Nf3 Qc7 11. Kh1 c4 12. Bc2 b5 13. Ned4 a6 14. a4 bxa4 15. Qe2
Nc5 16. Re1 Nfd7 17. Qxc4 Nb6 18. Qe2 e5 19. dxe6 fxe6 20. e5 d5 21. Qf2 Bd7
22. Qh4 Qd8 23. Ng5 h6 24. Bxg6 Nc8 25. Bh7+ Kh8 26. Nf7+ Kxh7 27. Nxd8 Na7 28.
Qe7 Nd3 29. N8xe6 Bxe6 30. Nxe6 Rg8 31. Re3 Nf2+ 32. Kg1 Ne4 33. Qb7 Nb5 34.
Nxg7 Rab8 35. Qxd5 Rbd8 36. Qxe4+ Kxg7 37. Rg3+ Kf7 38. Qh7+ Ke6 39. Rxg8 1-0

[Event "South Wales International"]
[Site "Penarth Conservative Club, WLS"]
[Date "2013.07.14"]
[Round "3.19"]
[White "Rodriguez, Juan"]
[Black "Tarr, Stephen"]
[Result "1-0"]
[WhiteElo "1967"]
[BlackElo "1826"]
[PlyCount "57"]
[EventDate "2013.??.??"]

1. e4 c5 2. Nf3 d6 3. d4 cxd4 4. Nxd4 Nf6 5. Nc3 g6 6. Be3 Bg7 7. f3 Nc6 8. Bc4
O-O 9. Qd2 Qa5 10. O-O-O Bd7 11. Kb1 Rfc8 12. Bb3 Ne5 13. Bh6 Nc4 14. Bxc4 Rxc4
15. Bxg7 Kxg7 16. g4 Rac8 17. h4 Rxc3 18. bxc3 Bxg4 19. Nb3 Qc7 20. fxg4 Kg8
21. Qe2 Qxc3 22. h5 Nxg4 23. Rd3 Qc4 24. hxg6 Ne5 25. gxh7+ Kh8 26. Re3 Qb4 27.
Qd2 Qa4 28. Qd4 Rc4 29. Rg3 1-0

[Event "South Wales International"]
[Site "Penarth Conservative Club, WLS"]
[Date "2013.07.14"]
[Round "3.21"]
[White "Lutchman Singh, Karanvir"]
[Black "Hickman, John E"]
[Result "0-1"]
[WhiteElo "1367"]
[BlackElo "1965"]
[PlyCount "54"]
[EventDate "2013.??.??"]

1. e4 d6 2. d4 Nf6 3. Nc3 g6 4. f4 Bg7 5. Nf3 O-O 6. Bd3 Nc6 7. Be3 Bg4 8. h3
Bxf3 9. Qxf3 e5 10. dxe5 dxe5 11. f5 Nd4 12. Qf2 a6 13. g4 Re8 14. O-O-O b5 15.
Rdg1 b4 16. Ne2 c5 17. h4 Qc7 18. h5 c4 19. Nxd4 cxd3 20. Nb3 Nxe4 21. Qg2 Rac8
22. Rh2 d2+ 23. Kb1 Qxc2+ 24. Ka1 d1=Q+ 25. Rxd1 Qxd1+ 26. Nc1 Rxc1+ 27. Bxc1
Qxc1# 0-1

[Event "South Wales International"]
[Site "Penarth Conservative Club, WLS"]
[Date "2013.07.14"]
[Round "3.27"]
[White "Gosling, Brian GE"]
[Black "Staniforth, Matthew"]
[Result "0-1"]
[WhiteElo "1956"]
[BlackElo "1897"]
[PlyCount "74"]
[EventDate "2013.??.??"]

1. e4 e5 2. Bc4 Nf6 3. d3 c6 4. Nf3 d5 5. Bb3 Bd6 6. exd5 Nxd5 7. O-O O-O 8.
Nc3 Nxc3 9. bxc3 Bg4 10. h3 Bh5 11. g4 Bg6 12. Bg5 Qc7 13. Nh4 Nd7 14. Nxg6
hxg6 15. d4 c5 16. dxe5 Bxe5 17. Bd5 Bxc3 18. Rb1 Nb6 19. Qf3 Nxd5 20. Qxd5 b6
21. f4 Bd4+ 22. Kg2 Bf6 23. Rf2 Rad8 24. Qb3 Qc6+ 25. Kg3 Rfe8 26. Rbf1 Rd4 27.
Kh4 Rde4 28. Qf3 Qa4 29. f5 Re3 30. Qd5 Bxg5+ 31. Kxg5 R3e5 32. Qb7 Qd4 33.
Qxa7 Re4 34. Qxb6 Qe3+ 35. Kh4 g5+ 36. Kh5 Qxh3+ 37. Kxg5 Qxg4# 0-1

[Event "South Wales International"]
[Site "Penarth Conservative Club, WLS"]
[Date "2013.07.14"]
[Round "3.28"]
[White "Rees, Ioan"]
[Black "Stensholt, Sigvat"]
[Result "1-0"]
[WhiteElo "2258"]
[BlackElo "1945"]
[PlyCount "61"]
[EventDate "2013.??.??"]

1. e4 Nf6 2. e5 Nd5 3. Nc3 Nxc3 4. dxc3 d5 5. f4 Bf5 6. Nf3 e6 7. Bd3 Bxd3 8.
Qxd3 c6 9. Be3 Nd7 10. O-O Nc5 11. Bxc5 Bxc5+ 12. Kh1 Qb6 13. f5 O-O-O 14. Ng5
Rd7 15. fxe6 fxe6 16. Nxe6 Re7 17. Qh3 Kb8 18. b4 Be3 19. Rf3 d4 20. Raf1 Rhe8
21. Nc5 Qc7 22. e6 Ka8 23. Rf7 b6 24. Rxe7 Qxe7 25. Qf3 bxc5 26. Qxc6+ Kb8 27.
bxc5 a5 28. Rb1+ Ka7 29. Qb6+ Ka8 30. Qa6+ Qa7 31. Qc6+ 1-0